000
00310nam a22001337a 4500
008
170127b xxu||||| |||| 00| 0 eng d
020
_a
002-030625
041
_a
eng
080
_2
6TH
_a
61
100
_a
3
101
_a
SHM
245
_a
CULTURAL DIVERSITY IN HEALTH AND ILLNESS
_c
SPECTOR, R.E
942
_2
udc
_c
BK
999
_c
3892
_d
3892